| 000 | 00431nam a2200157Ia 4500 | ||
|---|---|---|---|
| 008 | 250604s9999 xx 000 0 und d | ||
| 020 | _a9780812924992 | ||
| 082 | _a364.1323 SAB | ||
| 100 | _aSabato, Larry J. | ||
| 245 | 0 |
_aDirty Little Secrets : _bthe Persistence of Corruption in American Politics |
|
| 250 | _a1st ed. | ||
| 260 |
_aNew York: _bTimes Books, _c1996 |
||
| 300 | _axvi,429p. | ||
| 600 | _aPolitics | ||
| 942 | _cGB | ||
| 999 |
_c31383 _d31383 |
||